[Event "SRI-ch U14 Girls"]
[Site "Nugegoda"]
[Date "2021.03.09"]
[Round "1"]
[White "Nanayakkara, MM."]
[Black "Induwara, THD Thisarindu"]
[Result "1/2-1/2"]
[WhiteElo "1170"]
[BlackElo "1306"]
[PlyCount "142"]
[EventDate "2021.03.09"]
[EventType "tourn"]
[EventRounds "11"]
[EventCountry "SRI"]
[SourceTitle "CBM 201 Extra"]
[Source "ChessBase"]
[SourceDate "2021.05.31"]
[SourceVersion "1"]
[SourceVersionDate "2021.05.31"]
[SourceQuality "1"]

1. d4 Nf6 2. Bf4 c6 3. e3 g6 4. Nf3 Bg7 5. Bd3 d5 6. Nbd2 0-0 7. 0-0 Nh5 8. Be5 f6 9. Bxb8 Rxb8 10. h3 f5 11. c4 f4 12. cxd5 cxd5 13. e4 Kh8 14. e5 Bf5 15. Nb3 b6 16. Re1 e6 17. Bxf5 Rxf5 18. Rc1 Bf8 19. Qc2 Bb4 20. Red1 Rf7 21. a3 Bf8 22. Rd3 Ng7 23. Rc3 Rbb7 24. Rc8 Qe7 25. Qc6 g5 26. Nxg5 Qxg5 27. Rxf8+ Rxf8 28. Qxb7 a5 29. Rc8 Ne8 30. Rc3 Rg8 31. Kf1 Qxg2+ 32. Ke2 Qe4+ 33. Kd2 Rg2 34. Rd3 Rxf2+ 35. Kc3 Qe1+ 36. Rd2 Rf3+ 37. Kc2 Rxb3 38. Kxb3 Qxd2 39. Qf7 Qd3+ 40. Ka2 Qg6 41. Qxf4 Qf5 42. Qh4 Kg7 43. Qe7+ Qf7 44. Qg5+ Qg6 45. Qd8 Qf7 46. Qxb6 Qc7 47. Qxe6 Qc4+ 48. Kb1 Qb5 49. Qe7+ Kg8 50. e6 Qf1+ 51. Ka2 Qf8 52. Qg5+ Ng7 53. Qxd5 Qe8 54. e7+ Qf7 55. Qxf7+ Kxf7 56. Kb3 Nf5 57. Ka4 Nxd4 58. Kxa5 Kxe7 59. Kb4 h5 60. Kc4 Ne2 61. Kd3 Nf4+ 62. Ke4 Nxh3 63. Kf5 Kd6 64. Kg6 Nf4+ 65. Kg5 Ke5 66. a4 Nd3 67. a5 Nxb2 68. a6 Nc4 69. a7 Nb6 70. Kxh5 Kd6 71. a8Q Nxa8 1/2-1/2